000 00780nam a2200217 i 4500
001 134667
003 ES-MaACL
005 20230906194724.0
007 t|
008 070912s1944 it ||||1| ita d
100 1 _aVeïdle, Vladimir Vasil'evich.
_9113657
245 1 3 _aLa poesía pura /
_ccon una nota di Giarcarlo Vigorelli ; queste pagine, tradotte da Enrica Castellani, sono un capitolo dell'opera di W. Weidlé: Les abeilles de Aristée.
260 _aPadova :
_bCedam,
_c1944.
300 _a66 p. ;
_c20 cm.
490 1 _aGuide di cultura contemporanea
700 1 _aVigorelli, Giancarlo.
_9114669
700 1 _aCastellani, Enrica.
_936501
830 0 _aGuide di cultura contemporanea
_9186982
852 _aES-MaACL
_j1911-F-2
_bR.29569
999 _c134667
_d134667